| 000 | 00741cas a2200229 a 4500 | ||
|---|---|---|---|
| 022 | 0 | _a0896-6664 | |
| 040 | _cNSD | ||
| 082 | 0 | 0 | _a333 ALA 1987 A069 Or. |
| 245 | 0 | 0 | _aAI applications in natural resource management. |
| 246 | 3 | _aArtificial intelligence applications in natural resource management | |
| 246 | 3 | 0 | _aApplications in natural resource management |
| 246 | 1 | 7 | _aAI applications |
| 260 |
_aMoscow, Idaho, USA : _bAI Applications, _cc1987-1990. |
||
| 300 |
_av. : _bill. ; _c28 cm. |
||
| 500 | _aTitle from cover. | ||
| 650 | 0 | _aNatural resources | |
| 650 | 0 | _aExpert systems (Computer science) | |
| 650 | 0 | _aArtificial intelligence | |
| 650 | 6 | _aRessources naturelles | |
| 650 | 6 | _aIntelligence artificielle | |
| 942 | _cEK | ||
| 999 |
_c14661 _d14661 |
||